Statistics for Mortal Kombat Characters Quiz

Click here to take the quiz!

General Stats

  • This quiz has been taken 30,870 times
  • The average score is 7 of 10

Answer Stats

Character % Correct
Sub-Zero
94%
Scorpion
92%
Raiden
78%
Johnny Cage
75%
Liu Kang
73%
Sonya Blade
69%
Reptile
58%
Goro
53%
Kano
50%
Shang Tsung
45%

Score Distribution

Percentile by Number Answered

Percent of People with Each Score

Your Score History

You have not taken this quiz